Speeches and documents in American history / (Record no. 28414)
[ view plain ]
| 000 -LEADER | |
|---|---|
| fixed length control field | 01014nam a2200289 a 4500 |
| 001 - CONTROL NUMBER | |
| control field | 28414 |
| 003 - CONTROL NUMBER IDENTIFIER | |
| rucl marc code | BD-RjUL |
| 005 - DATE AND TIME OF LATEST TRANSACTION | |
| control field | 20211209051259.0 |
| 008 - FIXED-LENGTH DATA ELEMENTS--GENERAL INFORMATION | |
| fixed length control field | 970313r19511942enk 000 0 eng u |
| 035 ## - SYSTEM CONTROL NUMBER | |
| System control number | (BD-RjUL)28495 |
| 040 ## - CATALOGING SOURCE | |
| Original cataloging agency | OUN |
| Modifying agency | OCL |
| -- | EQO |
| Language of cataloging | eng |
| Transcribing agency | BD-RjUL |
| 041 ## - LANGUAGE CODE | |
| Language code of text/sound track or separate title | eng |
| 082 ## - DEWEY DECIMAL CLASSIFICATION NUMBER | |
| Classification number | 973.08 |
| Author mark and year | SPE V-3 1951 |
| 100 1# - MAIN ENTRY--PERSONAL NAME | |
| Personal name | Birley, Robert, |
| Dates associated with a name | 1903-1982. |
| 9 (RLIN) | 87000 |
| 245 10 - TITLE STATEMENT | |
| Title | Speeches and documents in American history / |
| Statement of responsibility, etc. | selected and edited by Robert Birley |
| Number of part/section of a work | VOLUME III. |
| Name of part/section of a work | 1986-1913. |
| 260 ## - PUBLICATION, DISTRIBUTION, ETC. (IMPRINT) | |
| Place of publication, distribution, etc. | London : |
| Name of publisher, distributor, etc. | Geoffrey Cumberledge, Oxford University Press, |
| Date of publication, distribution, etc. | 1951 |
| 300 ## - PHYSICAL DESCRIPTION | |
| Pagination | xxiv ,320 p. : |
| Size | 15 cm |
| Illustrations | ill. ; |
| 490 1# - SERIES STATEMENT | |
| Series statement | World's classics ; |
| Volume/sequential designation | 488-491 |
| 504 ## - BIBLIOGRAPHY, ETC. NOTE | |
| Bibliography, etc | Includes indexes |
| 505 0# - FORMATTED CONTENTS NOTE | |
| Formatted contents note | I. 1776-1815.--II. 1818-1865.--III. 1865-1913.--IV. 1914-1939 |
| 650 #0 - SUBJECT ADDED ENTRY--TOPICAL TERM | |
| Topical term or geographic name as entry element | Speeches, addresses, etc., American |
| 9 (RLIN) | 87001 |
| 651 #0 - SUBJECT ADDED ENTRY--GEOGRAPHIC NAME | |
| Geographic name | United States |
| General subdivision | Politics and government |
| 9 (RLIN) | 87002 |
| 830 #0 - SERIES ADDED ENTRY--UNIFORM TITLE | |
| Volume number/sequential designation | 488-491 |
| Uniform title | World's classics ; |
| 942 ## - ADDED ENTRY ELEMENTS (KOHA) | |
| Source of classification or shelving scheme | Dewey Decimal Classification |
| Koha item type | Books |
| Lost status | Source of classification or shelving scheme | Damaged status | Not for loan | Collection code | Permanent Location | Current Location | Shelving location | Date acquired | Source of acquisition | Cost, normal purchase price | Total Checkouts | Full call number | Date last seen | Copy number | Koha item type |
|---|---|---|---|---|---|---|---|---|---|---|---|---|---|---|---|
| Dewey Decimal Classification | Added to bundle | Non-fiction | Central Library, University of Rajshahi | Central Library, University of Rajshahi | Reading Room | 17/01/1955 | O.U.P | 2.10 | 973.08 SPE V-3 1951 | 30/03/2014 | C-1 | Books | |||
| Dewey Decimal Classification | Non-fiction | Central Library, University of Rajshahi | Central Library, University of Rajshahi | 25/01/1954 | O.U.P | 2.13 | 973.08 SPE V-3 1951 | 30/03/2014 | C-2 | Books |